Quiz sur le SM Caen - Statistiques

Statistiques générales
  • Ce quiz a été pris 168 fois
  • Le résultat moyen est 10 sur 15
Statistiques - réponses
Hint Réponse % Correct
Quel est l'emblème du club Viking
94%
En 2024, quel joueur mondialement connu est devenu actionnaire majoritaire du club par ses fonds d'investissements ? Kylian Mbappé
90%
Caen joue au stade... Michel d'Ornano
90%
En hommage à quel poète caennais ? François de Malherbe
88%
Il est le meilleur buteur du club Alexandre Mendy
86%
Quel est le surnom de l'équipe ? Malherbe
86%
Il est petit, il est gentil... et il a joué à Caen Ngolo Kanté
86%
Il est le joueur le plus capé du club Nicolas Seube
82%
En quelle année Caen a joué sa dernière finale de coupe de la ligue ? 2005
69%
Quel est le nom de l'ancien stade, toujours existant aujourd'hui Stade de Venoix
68%
De quand date le dernier sacre en Ligue 2 ? 2010
67%
Quel entraineur a coaché Caen entre 2012 et 2018, et compte plus de 250 matchs à la tête de l'équipe ? Patrice Garande
67%
Contre quelle équipe Caen a joué ses seuls matchs européens ? Saragosse
49%
Cette marque régionale est aussi le sponsor historique du club Elle et vire
17%
Quelle adage de la ville fait référence à un chant malherbiste connu La ville aux cent clochers
9%
Aucun quiz correspondant
Distribution des résultats
% des personnes avec chaque résultat
Percentile par nombre de réponses
Votre historique - résultats
Vous n’avez pas pris ce quiz